00428nam a2200121Ia 4500008004100000020001800041100002600059245006600085260009400151300001500245650001800260650002800278140602s9999 xx 000 0 und d a0-88312-606-01 aARENSEN, Jonathan E..10aMice are men : Language and society among the Murle of Sudan. bInternational Museum of Cultures Dallas:c1992.a[Place of publication not identified] :  a362 pages; 0aANTHROPOLOGIE 0aLANGUES - Nilo-Saharien